[Event "RA Winter op"]
[Site "Ottawa CAN"]
[Date "2012.02.17"]
[Round "1"]
[White "Wan, Kevin"]
[Black "Pacey, Kevin"]
[Result "0-1"]
[WhiteElo "1948"]
[BlackElo "2272"]
[PlyCount "86"]
[GameId "2160767909576310"]
[EventDate "2012.02.17"]
[EventType "swiss"]
[EventRounds "5"]
[EventCountry "CAN"]

1. e4 Nc6 2. d4 e5 3. d5 Nce7 4. c4 Ng6 5. g3 Nf6 6. Bg2 Bc5 7. Nc3 d6 8. Na4 Bb4+ 9. Bd2 Bxd2+ 10. Qxd2 Bd7 11. Nc3 O-O 12. h4 h6 13. Bh3 c6 14. Bxd7 Qxd7 15. f3 cxd5 16. Nxd5 Nxd5 17. cxd5 f5 18. Qd3 Rac8 19. exf5 Qxf5 20. Qxf5 Rxf5 21. Rh2 Rc5 22. Rd2 Ne7 23. Rad1 Rf8 24. h5 Nf5 25. Kf2 Nd4 26. Kg2 Nc2 27. Rd3 Nb4 28. Rb3 Nxd5 29. Rbd3 Rc2+ 30. Kh3 Nf6 31. Rxd6 Rxb2 32. R6d2 Rxd2 33. Rxd2 Rc8 34. Rb2 b6 35. Rb5 Rc1 36. Kh2 Rc2+ 37. Kh3 e4 38. fxe4 Nxe4 39. a3 Rc3 40. a4 Rxg3+ 41. Kh2 Ra3 42. Rb4 Nc5 43. Rd4 Rxa4 0-1

[Event "RA Winter op"]
[Site "Ottawa CAN"]
[Date "2012.02.18"]
[Round "2"]
[White "Pacey, Kevin"]
[Black "Sambuev, Bator"]
[Result "0-1"]
[WhiteElo "2272"]
[BlackElo "2692"]
[PlyCount "114"]
[GameId "2160767909576311"]
[EventDate "2012.02.17"]
[EventType "swiss"]
[EventRounds "5"]
[EventCountry "CAN"]

1. e4 c5 2. c3 e6 3. d4 d5 4. e5 Nc6 5. Nf3 Qb6 6. Bd3 cxd4 7. cxd4 Bd7 8. O-O Nxd4 9. Nbd2 Nxf3+ 10. Nxf3 h6 11. b4 Qxb4 12. Rb1 Qa4 13. Qe2 b6 14. Be3 Bc5 15. Rfc1 Ne7 16. Bxc5 bxc5 17. Rxc5 Rc8 18. Rxc8+ Nxc8 19. Bb5 Bxb5 20. Qxb5+ Qxb5 21. Rxb5 Nb6 22. Ra5 Nc8 23. Rb5 O-O 24. Rb7 Re8 25. Rc7 a5 26. Nd4 Ne7 27. f4 g5 28. Nb5 Ng6 29. Nd6 Rf8 30. f5 Nxe5 31. fxe6 fxe6 32. Re7 Ng6 33. Rxe6 Nf4 34. Re7 d4 35. g3 Nd5 36. Rd7 Ne3 37. h3 Rf1+ 38. Kh2 Rf2+ 39. Kh1 Kf8 40. Ne4 Rxa2 41. Rxd4 Ke7 42. Nc5 Nf5 43. Rd3 Rc2 44. Ne4 Rc4 45. Nc3 a4 46. g4 Nd4 47. Kg2 Kd6 48. Kf2 Kc6 49. Ke3 Ne6 50. Kd2 a3 51. Re3 Nc5 52. Na2 Ne4+ 53. Kd3 Kd5 54. Rf3 Rd4+ 55. Ke3 Kc4 56. Rf7 Nc5 57. Rc7 Rd3+ 0-1

[Event "RA Winter op"]
[Site "Ottawa CAN"]
[Date "2012.02.18"]
[Round "3"]
[White "Li, Ruokai (David)"]
[Black "Pacey, Kevin"]
[Result "1/2-1/2"]
[WhiteElo "1921"]
[BlackElo "2272"]
[PlyCount "60"]
[GameId "2160767909576312"]
[EventDate "2012.02.17"]
[EventType "swiss"]
[EventRounds "5"]
[EventCountry "CAN"]

1. e4 Nc6 2. d4 e5 3. d5 Nce7 4. Nf3 Ng6 5. c4 Nf6 6. Nc3 Bb4 7. Bg5 h6 8. Bxf6 Qxf6 9. Qc2 O-O 10. a3 Bxc3+ 11. Qxc3 c5 12. Qe3 d6 13. g3 Qd8 14. h4 f5 15. Nd2 Qa5 16. Bd3 f4 17. Qe2 fxg3 18. fxg3 Bd7 19. O-O-O a6 20. Rdf1 b5 21. Rxf8+ Rxf8 22. Rf1 b4 23. Rxf8+ Nxf8 24. axb4 Qxb4 25. Nf1 a5 26. Qd2 Qxd2+ 27. Kxd2 Nh7 28. Ne3 g6 29. Be2 Nf6 30. Kd3 Kf7 1/2-1/2

[Event "RA Winter op"]
[Site "Ottawa CAN"]
[Date "2012.02.19"]
[Round "4"]
[White "Pacey, Kevin"]
[Black "Cockburn, Denton"]
[Result "0-1"]
[WhiteElo "2272"]
[BlackElo "2256"]
[PlyCount "52"]
[GameId "2160767909576313"]
[EventDate "2012.02.17"]
[EventType "swiss"]
[EventRounds "5"]
[EventCountry "CAN"]

1. e4 c5 2. Nf3 d6 3. d4 cxd4 4. Nxd4 Nf6 5. Nc3 a6 6. Bg5 e6 7. f4 Be7 8. Qf3 h6 9. Bh4 g5 10. fxg5 Nfd7 11. Nxe6 fxe6 12. Bb5 hxg5 13. Rf1 Rh7 14. e5 axb5 15. exd6 Ne5 16. Qe4 Rxh4 17. Qxe5 Qxd6 18. Qg7 Nc6 19. Qg6+ Kd7 20. Rf2 Qe5+ 21. Re2 Qf6 22. O-O-O+ Kc7 23. Nxb5+ Kb6 24. Qd3 Rxa2 25. Nc3 Ra1+ 26. Nb1 Rd4 0-1

[Event "RA Winter op"]
[Site "Ottawa CAN"]
[Date "2012.02.19"]
[Round "5"]
[White "Palsson, Halldor"]
[Black "Pacey, Kevin"]
[Result "0-1"]
[WhiteElo "2016"]
[BlackElo "2272"]
[PlyCount "76"]
[GameId "2160767909576314"]
[EventDate "2012.02.17"]
[EventType "swiss"]
[EventRounds "5"]
[EventCountry "CAN"]

1. d4 e6 2. c4 Nf6 3. Nc3 Bb4 4. Qc2 Nc6 5. Nf3 d5 6. Bg5 h6 7. Bh4 g5 8. Bg3 g4 9. Ne5 Nxd4 10. Qa4+ Bd7 11. Nxd7 Qxd7 12. Qxd7+ Nxd7 13. O-O-O Bxc3 14. bxc3 Nf5 15. cxd5 Nxg3 16. hxg3 exd5 17. Rxd5 O-O-O 18. Rdh5 Nf6 19. Rf5 Ne4 20. Kc2 Rd2+ 21. Kb3 Rhd8 22. e3 Rd1 23. Rxf7 Nd2+ 24. Kc2 Nxf1 25. Rxh6 R1d2+ 26. Kb3 R2d5 27. c4 Nd2+ 28. Kb4 a5+ 29. Kc3 Ne4+ 30. Kb3 Nc5+ 31. Kc3 Rd3+ 32. Kc2 Rd2+ 33. Kb1 Rd1+ 34. Kc2 R8d2+ 35. Kc3 Ne4+ 36. Kb3 Rb1+ 37. Ka3 Rd3+ 38. Ka4 Nc5+ 0-1

[Event "RA Winter op2"]
[Site "Ottawa CAN"]
[Date "2012.11.16"]
[Round "1"]
[White "Donev, Danail"]
[Black "Voloaca, Mihnea"]
[Result "0-1"]
[WhiteElo "2070"]
[BlackElo "2233"]
[PlyCount "101"]
[GameId "2160767909411401"]
[EventDate "2012.11.16"]
[EventType "swiss"]
[EventRounds "5"]
[EventCountry "CAN"]
[SourceTitle "EXT 2022"]
[Source "ChessBase"]
[SourceDate "2021.10.06"]
[SourceVersion "1"]
[SourceVersionDate "2021.10.06"]
[SourceQuality "1"]

1. e4 e5 2. Nf3 Nc6 3. d4 exd4 4. Nxd4 Nf6 5. Nxc6 bxc6 6. e5 Qe7 7. Qe2 Nd5 8. c4 Ba6 9. Nd2 g6 10. b3 Bg7 11. Bb2 O-O 12. O-O-O Rfe8 13. Nf3 Nb6 14. Qd2 Bb7 15. Be2 d5 16. cxd5 cxd5 17. Qf4 Nd7 18. Rhe1 Nxe5 19. Bb5 Qc5+ 20. Kb1 Qxb5 21. Nxe5 Re7 22. Ng4 Rxe1 23. Rxe1 Qd3+ 24. Kc1 d4 25. Rd1 Qf5 26. Nh6+ Bxh6 27. Qxh6 c5 28. f3 Re8 29. Qd2 Ba6 30. Re1 Rc8 31. Re4 Bb5 32. Qf4 Qd7 33. Qe5 Bc6 34. Qe7 Qf5 35. Re5 Qf4+ 36. Kd1 Re8 37. Qxe8+ Bxe8 38. Rxe8+ Kg7 39. b4 cxb4 40. Re4 Qxh2 41. Bxd4+ Kh6 42. Be3+ g5 43. Rxb4 Qxg2 44. Bxa7 Qxa2 45. Be3 Kg6 46. Rb6+ Kh5 47. Ke1 Qd5 48. Kf2 f5 49. Rb4 f4 50. Bc1 Qc5+ 51. Kg2 0-1

[Event "RA Winter op2"]
[Site "Ottawa CAN"]
[Date "2012.11.16"]
[Round "1"]
[White "Hambleton, Aman"]
[Black "Bellissimo, Joseph"]
[Result "1-0"]
[WhiteElo "2700"]
[BlackElo "2107"]
[PlyCount "87"]
[GameId "2160767909411402"]
[EventDate "2012.11.16"]
[EventType "swiss"]
[EventRounds "5"]
[EventCountry "CAN"]
[SourceTitle "EXT 2022"]
[Source "ChessBase"]
[SourceDate "2021.10.06"]
[SourceVersion "1"]
[SourceVersionDate "2021.10.06"]
[SourceQuality "1"]

1. d4 d5 2. c4 Bf5 3. cxd5 Bxb1 4. Qa4+ c6 5. Rxb1 Qxd5 6. e3 Nd7 7. Nf3 Nb6 8. Qc2 Nf6 9. Bd3 e6 10. O-O Be7 11. e4 Qh5 12. Bf4 O-O 13. Ne5 Nbd7 14. Rfd1 Rfd8 15. Be2 Qh4 16. g3 Qh3 17. Bf1 Qh5 18. Be2 Qh3 19. Bf1 Qh5 20. Kg2 Nxe5 21. dxe5 Nd7 22. Be2 Qg6 23. h4 f6 24. exf6 Nxf6 25. Qb3 Qxe4+ 26. Bf3 Qb4 27. Qxe6+ Kh8 28. a3 Qc5 29. b4 Qb5 30. Qxe7 Re8 31. Qc5 Qa4 32. b5 Rac8 33. bxc6 bxc6 34. Rb7 Nd5 35. Rd4 Nxf4+ 36. gxf4 Qa6 37. Rxa7 Qb5 38. Qxb5 cxb5 39. Rdd7 Rc3 40. Bd5 Rc5 41. f5 Rf8 42. f6 Rxf6 43. Rd8+ Rf8 44. Rxf8# 1-0

[Event "RA Winter op2"]
[Site "Ottawa CAN"]
[Date "2012.11.16"]
[Round "1"]
[White "Sun, Mike"]
[Black "Gelblum, Robert"]
[Result "1-0"]
[WhiteElo "1948"]
[BlackElo "2223"]
[PlyCount "59"]
[GameId "2160767909411403"]
[EventDate "2012.11.16"]
[EventType "swiss"]
[EventRounds "5"]
[EventCountry "CAN"]
[SourceTitle "EXT 2022"]
[Source "ChessBase"]
[SourceDate "2021.10.06"]
[SourceVersion "1"]
[SourceVersionDate "2021.10.06"]
[SourceQuality "1"]

1. e4 e6 2. d4 d5 3. Nd2 Nf6 4. e5 Nfd7 5. Bd3 c5 6. c3 Nc6 7. Ne2 cxd4 8. cxd4 f6 9. exf6 Nxf6 10. Nf3 Bd6 11. O-O O-O 12. Bf4 Bxf4 13. Nxf4 Ne4 14. g3 Qf6 15. h4 Bd7 16. Re1 g5 17. Nxg5 Nxg5 18. hxg5 Qxg5 19. Nxe6 Bxe6 20. Rxe6 Qg7 21. Qh5 Rf7 22. Rae1 Nxd4 23. Re8+ Rf8 24. Bxh7+ Qxh7 25. Rxf8+ Rxf8 26. Qxd5+ Qf7 27. Qxd4 Qxa2 28. Qg4+ Kh8 29. Re5 Qb1+ 30. Kg2 1-0

[Event "RA Winter op2"]
[Site "Ottawa CAN"]
[Date "2012.11.16"]
[Round "1"]
[White "Upper, John"]
[Black "Smilovici, Emil"]
[Result "1/2-1/2"]
[WhiteElo "1997"]
[BlackElo "2046"]
[PlyCount "139"]
[GameId "2160767909411404"]
[EventDate "2012.11.16"]
[EventType "swiss"]
[EventRounds "5"]
[EventCountry "CAN"]
[SourceTitle "EXT 2022"]
[Source "ChessBase"]
[SourceDate "2021.10.06"]
[SourceVersion "1"]
[SourceVersionDate "2021.10.06"]
[SourceQuality "1"]

1. d4 d5 2. Bf4 e6 3. e3 Nf6 4. Nd2 Bd6 5. c3 O-O 6. Bd3 Bxf4 7. exf4 Qd6 8. Qf3 c5 9. dxc5 Qxc5 10. Qg3 Bd7 11. Ne2 Bb5 12. O-O Bxd3 13. Qxd3 Nc6 14. a4 Rfd8 15. h3 a5 16. Rfd1 Qb6 17. Qb5 Ra6 18. Ra3 Na7 19. Qxb6 Rxb6 20. Nc4 Ra6 21. Rb3 Nc6 22. Na3 Rb8 23. Nd4 Nxd4 24. Rxd4 g6 25. f3 Nd7 26. Kf2 Rb6 27. Rxb6 Nxb6 28. Ke2 Kf8 29. Nc2 Nc4 30. b3 Nd6 31. b4 Rc8 32. bxa5 Rxc3 33. Ne3 Rc5 34. Rb4 Rxa5 35. Ng4 b5 36. axb5 Rxb5 37. Ra4 Rb2+ 38. Kf1 Nc4 39. Ra8+ Kg7 40. Ra7 h5 41. Ne5 Nxe5 42. fxe5 g5 43. Rc7 h4 44. Ra7 Kg6 45. Rc7 Rb8 46. Kf2 Rd8 47. Ke3 Rf8 48. Rc2 Kf5 49. Kd4 Kf4 50. Ra2 Kg3 51. Ke3 f6 52. Ra4 f5 53. f4 g4 54. Ra2 Rb8 55. Kd4 Rb4+ 56. Kc5 Rxf4 57. Kd6 gxh3 58. gxh3 Rf2 59. Ra3+ Rf3 60. Rxf3+ Kxf3 61. Kxe6 d4 62. Kxf5 d3 63. e6 d2 64. e7 d1=Q 65. e8=Q Qd5+ 66. Qe5 Qd7+ 67. Kg5 Qxh3 68. Qf4+ Kg2 69. Qxh4 Qxh4+ 70. Kxh4 1/2-1/2

[Event "RA Winter op2"]
[Site "Ottawa CAN"]
[Date "2012.11.16"]
[Round "1"]
[White "Wan, Kevin"]
[Black "Sambuev, Bator"]
[Result "0-1"]
[WhiteElo "2132"]
[BlackElo "2700"]
[PlyCount "54"]
[GameId "2160767909411405"]
[EventDate "2012.11.16"]
[EventType "swiss"]
[EventRounds "5"]
[EventCountry "CAN"]
[SourceTitle "EXT 2022"]
[Source "ChessBase"]
[SourceDate "2021.10.06"]
[SourceVersion "1"]
[SourceVersionDate "2021.10.06"]
[SourceQuality "1"]

1. e4 e6 2. d4 d5 3. Nd2 c5 4. exd5 exd5 5. Ngf3 Nf6 6. Bb5+ Bd7 7. Bxd7+ Nbxd7 8. O-O Be7 9. b3 O-O 10. Bb2 Qb6 11. Ne5 Rfd8 12. Ndf3 Nxe5 13. Nxe5 Rac8 14. Re1 Bf8 15. Rc1 Ne4 16. Qf3 f6 17. Ng4 cxd4 18. Red1 h5 19. Bxd4 hxg4 20. Bxb6 gxf3 21. Bxd8 Rxd8 22. gxf3 Nc3 23. Rd2 b5 24. a4 bxa4 25. bxa4 a5 26. Ra1 Bb4 27. Kg2 Nxa4 0-1

[Event "RA Winter op2"]
[Site "Ottawa CAN"]
[Date "2012.11.16"]
[Round "2"]
[White "Smilovici, Emil"]
[Black "Forget, David"]
[Result "1-0"]
[WhiteElo "2046"]
[BlackElo "1982"]
[PlyCount "30"]
[GameId "2160767909411406"]
[EventDate "2012.11.16"]
[EventType "swiss"]
[EventRounds "5"]
[EventCountry "CAN"]
[SourceTitle "EXT 2022"]
[Source "ChessBase"]
[SourceDate "2021.10.06"]
[SourceVersion "1"]
[SourceVersionDate "2021.10.06"]
[SourceQuality "1"]

1. e4 e6 2. d4 d5 3. Nc3 Bb4 4. e5 c5 5. a3 Bxc3+ 6. bxc3 Ne7 7. Qg4 O-O 8. Bd3 Nbc6 9. Qh5 Ng6 10. Nf3 Qc7 11. O-O c4 12. Be2 f6 13. exf6 gxf6 14. Bh6 Nf4 15. Qg4+ Kh8 1-0

[Event "RA Winter op2"]
[Site "Ottawa CAN"]
[Date "2012.11.17"]
[Round "2"]
[White "Gelblum, Robert"]
[Black "Sadeghi, Saeid"]
[Result "1/2-1/2"]
[WhiteElo "2223"]
[BlackElo "2013"]
[PlyCount "103"]
[GameId "2160767909411407"]
[EventDate "2012.11.16"]
[EventType "swiss"]
[EventRounds "5"]
[EventCountry "CAN"]
[SourceTitle "EXT 2022"]
[Source "ChessBase"]
[SourceDate "2021.10.06"]
[SourceVersion "1"]
[SourceVersionDate "2021.10.06"]
[SourceQuality "1"]

1. Nf3 d5 2. g3 Bg4 3. Bg2 Nd7 4. O-O Ngf6 5. d3 e6 6. Nbd2 Bc5 7. h3 Bh5 8. Qe1 O-O 9. e4 dxe4 10. dxe4 e5 11. Kh1 Bxf3 12. Nxf3 c6 13. b3 Re8 14. Bb2 Qc7 15. a3 a5 16. Nd2 Nf8 17. f4 Bd4 18. Bxd4 exd4 19. Qf2 Rad8 20. e5 Nd5 21. Bxd5 cxd5 22. Nf3 Ne6 23. b4 g6 24. Rae1 axb4 25. axb4 Qc3 26. f5 Ng7 27. Nxd4 Nh5 28. Kg2 Ng7 29. e6 fxe6 30. fxe6 Rf8 31. Nf3 Rde8 32. e7 Rf7 33. Qe2 Rfxe7 34. Qxe7 Rxe7 35. Rxe7 Nf5 36. Re8+ Kg7 37. Rfe1 Qc7 38. R8e5 Qxc2+ 39. R1e2 Qc4 40. g4 Nd6 41. Re7+ Kf8 42. R7e3 Ne4 43. Nd2 Nxd2 44. Rxd2 Qxb4 45. Rxd5 Qb2+ 46. Kg3 b5 47. g5 Qb1 48. Rd8+ Kf7 49. Rd7+ Kf8 50. Rd8+ Kf7 51. Rd7+ Kf8 52. Rd8+ 1/2-1/2

[Event "RA Winter op2"]
[Site "Ottawa CAN"]
[Date "2012.11.17"]
[Round "2"]
[White "Sambuev, Bator"]
[Black "Voloaca, Mihnea"]
[Result "1-0"]
[WhiteElo "2700"]
[BlackElo "2327"]
[PlyCount "57"]
[GameId "2160767909411408"]
[EventDate "2012.11.16"]
[EventType "swiss"]
[EventRounds "5"]
[EventCountry "CAN"]
[SourceTitle "EXT 2022"]
[Source "ChessBase"]
[SourceDate "2021.10.06"]
[SourceVersion "1"]
[SourceVersionDate "2021.10.06"]
[SourceQuality "1"]

1. d4 d5 2. Nf3 e6 3. e3 c5 4. b3 Nf6 5. Bd3 Bd6 6. O-O Nbd7 7. Bb2 Qc7 8. c4 O-O 9. Nc3 a6 10. cxd5 exd5 11. Rc1 b6 12. dxc5 bxc5 13. Nxd5 Nxd5 14. Bxh7+ Kxh7 15. Qxd5 Nf6 16. Qg5 Qe7 17. Rc4 Rd8 18. Rh4+ Kg8 19. e4 Ne8 20. Qh5 f6 21. e5 Bxe5 22. Bxe5 Bb7 23. Bc3 Rd5 24. Qh7+ Kf7 25. Re1 Qd7 26. Rf4 Qc6 27. h4 Rad8 28. h5 R8d6 29. Qg6+ 1-0

[Event "RA Winter op2"]
[Site "Ottawa CAN"]
[Date "2012.11.17"]
[Round "2"]
[White "Valdizon, Armando"]
[Black "Hambleton, Aman"]
[Result "0-1"]
[WhiteElo "2113"]
[BlackElo "2546"]
[PlyCount "76"]
[GameId "2160767909411409"]
[EventDate "2012.11.16"]
[EventType "swiss"]
[EventRounds "5"]
[EventCountry "CAN"]
[SourceTitle "EXT 2022"]
[Source "ChessBase"]
[SourceDate "2021.10.06"]
[SourceVersion "1"]
[SourceVersionDate "2021.10.06"]
[SourceQuality "1"]

1. d4 e6 2. c4 Nf6 3. g3 d5 4. Bg2 Bb4+ 5. Bd2 Be7 6. Nf3 O-O 7. O-O c6 8. Qc2 b6 9. cxd5 cxd5 10. Rc1 Ba6 11. Bf4 Nbd7 12. Nc3 Nh5 13. Be3 Rc8 14. Qa4 Nb8 15. Ne5 Qe8 16. Bf3 Nf6 17. Qd1 Nfd7 18. Nd3 Nc6 19. a3 Na5 20. b4 Nc4 21. b5 Nxe3 22. fxe3 Bb7 23. Qb3 Bg5 24. Nd1 g6 25. Rxc8 Qxc8 26. Rc1 Qb8 27. Nb4 Qd6 28. Rc3 h5 29. Qc2 h4 30. gxh4 Bxh4 31. Rc7 Nc5 32. Rxc5 bxc5 33. dxc5 Qc7 34. c6 Bc8 35. Qa4 Bg5 36. Nc2 Kg7 37. Qg4 Bf6 38. a4 Rh8 0-1

[Event "RA Winter op2"]
[Site "Ottawa CAN"]
[Date "2012.11.17"]
[Round "3"]
[White "Hambleton, Aman"]
[Black "Sambuev, Bator"]
[Result "1-0"]
[WhiteElo "2546"]
[BlackElo "2700"]
[PlyCount "95"]
[GameId "2160767909411410"]
[EventDate "2012.11.16"]
[EventType "swiss"]
[EventRounds "5"]
[EventCountry "CAN"]
[SourceTitle "EXT 2022"]
[Source "ChessBase"]
[SourceDate "2021.10.06"]
[SourceVersion "1"]
[SourceVersionDate "2021.10.06"]
[SourceQuality "1"]

1. d4 d5 2. c4 c6 3. Nc3 e6 4. e3 Bd6 5. Qc2 f5 6. Bd3 Nh6 7. Bd2 O-O 8. Nf3 Nd7 9. h3 Qe7 10. O-O-O dxc4 11. Bxc4 b5 12. Bd3 b4 13. Na4 c5 14. e4 Bb7 15. e5 Bb8 16. Bg5 Qf7 17. Nxc5 Rc8 18. Kb1 Nxc5 19. dxc5 Qf8 20. Qb3 Nf7 21. Qxe6 Re8 22. Qxf5 g6 23. Qd7 Bxf3 24. gxf3 Nxg5 25. Qd5+ Kh8 26. Qxa8 Bxe5 27. Qd5 Nxf3 28. Bb5 Rc8 29. Rd3 Qxc5 30. Qxc5 Rxc5 31. Rxf3 Rxb5 32. Rf7 a5 33. Rd1 Kg8 34. Rfd7 Bf6 35. R1d5 Rb8 36. Rxa5 Bg7 37. Raa7 Bf8 38. Rxh7 Re8 39. Rhf7 Re2 40. Rf6 Bc5 41. Rxg6+ Kf8 42. Rf6+ Ke8 43. Raa6 Ke7 44. Rh6 Kf7 45. Rh7+ Kg8 46. Rc7 Bf8 47. Ra8 Rxf2 48. Rcc8 1-0

[Event "RA Winter op2"]
[Site "Ottawa CAN"]
[Date "2012.11.17"]
[Round "3"]
[White "Kalra, Agastya"]
[Black "Gelblum, Robert"]
[Result "0-1"]
[WhiteElo "1782"]
[BlackElo "2223"]
[PlyCount "84"]
[GameId "2160767909411411"]
[EventDate "2012.11.16"]
[EventType "swiss"]
[EventRounds "5"]
[EventCountry "CAN"]
[SourceTitle "EXT 2022"]
[Source "ChessBase"]
[SourceDate "2021.10.06"]
[SourceVersion "1"]
[SourceVersionDate "2021.10.06"]
[SourceQuality "1"]

1. e4 c5 2. Nf3 d6 3. d4 cxd4 4. Nxd4 Nf6 5. Nc3 a6 6. a4 Nc6 7. Be2 e6 8. O-O Be7 9. Be3 O-O 10. Nxc6 bxc6 11. a5 c5 12. e5 dxe5 13. Qxd8 Rxd8 14. Na4 Rb8 15. b3 Nd7 16. Rfd1 Bb7 17. Rd2 Bc6 18. Rad1 Bxa4 19. bxa4 Nf6 20. Rxd8+ Bxd8 21. Bxc5 Bxa5 22. Bxa6 Ne4 23. Ba7 Rb2 24. c4 Nc3 25. Ra1 Ne2+ 26. Kf1 Nd4 27. Bxd4 exd4 28. Rd1 e5 29. Bb5 Kf8 30. c5 Rc2 31. c6 Ke7 32. f3 Kd6 33. h4 g6 34. Bd3 Rxc6 35. Rb1 f5 36. h5 Rc3 37. Ke2 e4 38. fxe4 fxe4 39. Bb5 Rc2+ 40. Kf1 d3 41. hxg6 hxg6 42. Be8 e3 0-1

[Event "RA Winter op2"]
[Site "Ottawa CAN"]
[Date "2012.11.17"]
[Round "3"]
[White "Smilovici, Emil"]
[Black "Marinkovic, Mate"]
[Result "0-1"]
[WhiteElo "2046"]
[BlackElo "2243"]
[PlyCount "68"]
[GameId "2160767909411412"]
[EventDate "2012.11.16"]
[EventType "swiss"]
[EventRounds "5"]
[EventCountry "CAN"]
[SourceTitle "EXT 2022"]
[Source "ChessBase"]
[SourceDate "2021.10.06"]
[SourceVersion "1"]
[SourceVersionDate "2021.10.06"]
[SourceQuality "1"]

1. e4 c5 2. Nf3 e6 3. d4 cxd4 4. Nxd4 Nc6 5. Nc3 Qc7 6. Ndb5 Qb8 7. g3 a6 8. Nd4 Bc5 9. Be3 Qa7 10. Nxc6 bxc6 11. Bxc5 Qxc5 12. Qd3 d5 13. e5 Ne7 14. O-O-O O-O 15. Qd4 Qa5 16. Qa4 Qc7 17. f4 Bd7 18. Qa3 c5 19. Bh3 Rfb8 20. Rhe1 Rb4 21. b3 a5 22. f5 c4 23. bxc4 Qxc4 24. Bf1 Qc5 25. fxe6 fxe6 26. Bg2 Rc8 27. Rd3 Rb1+ 28. Kd2 Qxa3 29. Rxb1 Qc5 30. Ke2 Nf5 31. Rf1 Nd4+ 32. Kd2 Nb5 33. Rff3 d4 34. Nxb5 Bxb5 0-1

[Event "RA Winter op2"]
[Site "Ottawa CAN"]
[Date "2012.11.17"]
[Round "3"]
[White "Voloaca, Mihnea"]
[Black "Sun, Mike"]
[Result "1-0"]
[WhiteElo "2327"]
[BlackElo "1948"]
[PlyCount "151"]
[GameId "2160767909411413"]
[EventDate "2012.11.16"]
[EventType "swiss"]
[EventRounds "5"]
[EventCountry "CAN"]
[SourceTitle "EXT 2022"]
[Source "ChessBase"]
[SourceDate "2021.10.06"]
[SourceVersion "1"]
[SourceVersionDate "2021.10.06"]
[SourceQuality "1"]

1. c4 c5 2. Nc3 Nc6 3. g3 g6 4. Bg2 Bg7 5. Nf3 b6 6. O-O Bb7 7. Re1 Nf6 8. d4 cxd4 9. Nxd4 O-O 10. Bg5 Qc8 11. Rc1 Nxd4 12. Bxb7 Qxb7 13. Qxd4 d6 14. Qd3 Rfd8 15. e4 Nd7 16. Nd5 Nc5 17. Qe2 Re8 18. b4 Ne6 19. Be3 Rac8 20. Qd2 Nc7 21. Bd4 Bxd4 22. Qxd4 Ne6 23. Qe3 Qa6 24. Qe2 Nd4 25. Qd3 Ne6 26. Rc2 Nc7 27. h4 h5 28. Kg2 Qb7 29. Kh2 Kg7 30. Qc3+ e5 31. Nxc7 Rxc7 32. Qd3 Rd7 33. Rd1 Red8 34. a3 Qc6 35. Rdc1 Qb7 36. Kg1 Kg8 37. Kf1 Kg7 38. Ke2 Kg8 39. f3 b5 40. Qd5 bxc4 41. Qxb7 Rxb7 42. Rxc4 Rbd7 43. Rc8 Rxc8 44. Rxc8+ Kg7 45. Rc6 d5 46. exd5 Rxd5 47. Ra6 Rd7 48. Ke3 f6 49. b5 Kf7 50. a4 Ke7 51. Rc6 Rd6 52. Rc7+ Rd7 53. Rc8 f5 54. Rg8 Kf7 55. Rb8 Ke7 56. a5 Ke6 57. a6 Rc7 58. b6 axb6 59. Rxb6+ Kd5 60. Rxg6 Rc3+ 61. Ke2 Ra3 62. Rf6 f4 63. gxf4 exf4 64. Rxf4 Ke5 65. Rf8 Rxa6 66. Kf2 Rf6 67. Rxf6 Kxf6 68. f4 Kg6 69. Ke3 Kf5 70. Kf3 Kg6 71. Ke4 Kg7 72. Ke5 Kg6 73. Ke6 Kg7 74. f5 Kh7 75. f6 Kg8 76. Ke7 1-0

[Event "RA Winter op2"]
[Site "Ottawa CAN"]
[Date "2012.11.17"]
[Round "3"]
[White "Wan, Kevin"]
[Black "Upper, John"]
[Result "0-1"]
[WhiteElo "2132"]
[BlackElo "2280"]
[PlyCount "72"]
[GameId "2160767909411414"]
[EventDate "2012.11.16"]
[EventType "swiss"]
[EventRounds "5"]
[EventCountry "CAN"]
[SourceTitle "EXT 2022"]
[Source "ChessBase"]
[SourceDate "2021.10.06"]
[SourceVersion "1"]
[SourceVersionDate "2021.10.06"]
[SourceQuality "1"]

1. e4 e6 2. d4 d5 3. Nc3 Nf6 4. exd5 exd5 5. Nf3 c6 6. Be2 Bd6 7. O-O O-O 8. Bg5 h6 9. Bh4 Re8 10. Bg3 Bxg3 11. hxg3 Bg4 12. Ne5 Bxe2 13. Nxe2 Qb6 14. b3 Ne4 15. c4 Na6 16. cxd5 cxd5 17. Nf4 Rad8 18. a3 Nc7 19. Qd3 Nb5 20. Nf3 g5 21. Ne2 Rc8 22. b4 Nbc3 23. Nc1 a5 24. Nd2 axb4 25. axb4 Qxb4 26. Ncb3 Nxd2 27. Nxd2 Qxd4 28. Qxd4 Ne2+ 29. Kh2 Nxd4 30. Rab1 Rc2 31. Nf3 Nxf3+ 32. gxf3 Re7 33. Kg2 d4 34. Rfd1 Rd7 35. Rd3 Rc3 36. Rd2 d3 0-1

[Event "RA Winter op2"]
[Site "Ottawa CAN"]
[Date "2012.11.18"]
[Round "4"]
[White "Gelblum, Robert"]
[Black "Smilovici, Emil"]
[Result "1-0"]
[WhiteElo "2223"]
[BlackElo "2046"]
[PlyCount "135"]
[GameId "2160767909411415"]
[EventDate "2012.11.16"]
[EventType "swiss"]
[EventRounds "5"]
[EventCountry "CAN"]
[SourceTitle "EXT 2022"]
[Source "ChessBase"]
[SourceDate "2021.10.06"]
[SourceVersion "1"]
[SourceVersionDate "2021.10.06"]
[SourceQuality "1"]

1. Nf3 d5 2. g3 Nf6 3. Bg2 e6 4. O-O c5 5. d3 Bd6 6. Nbd2 O-O 7. e4 Nc6 8. Re1 Qc7 9. Qe2 dxe4 10. dxe4 e5 11. c3 Re8 12. Nc4 Be7 13. Ne3 Be6 14. Ng5 Qc8 15. Nxe6 Qxe6 16. Nd5 Bd8 17. Be3 b6 18. Rad1 Ne7 19. Rd2 Nfxd5 20. exd5 Qd6 21. Rdd1 Nf5 22. Bc1 Bc7 23. Qd3 g6 24. f4 Rad8 25. fxe5 Rxe5 26. Bf4 Rxe1+ 27. Rxe1 Qd7 28. Bg5 Re8 29. Rxe8+ Qxe8 30. Qe4 Qxe4 31. Bxe4 Nd6 32. Bg2 Kg7 33. Kf2 f6 34. Bc1 h6 35. Ke2 g5 36. Kd3 Bd8 37. Be3 f5 38. b4 c4+ 39. Kc2 Bf6 40. a4 Be5 41. Bf1 f4 42. gxf4 gxf4 43. Bg1 f3 44. a5 bxa5 45. bxa5 a6 46. h3 Kf6 47. Be3 h5 48. Bc5 Ne4 49. Bb4 f2 50. Bxc4 Ng3 51. Bxa6 f1=Q 52. Bxf1 Nxf1 53. Kd3 Bb8 54. c4 Ke5 55. Bc3+ Kd6 56. Bd4 Nh2 57. a6 Nf3 58. a7 Bxa7 59. Bxa7 h4 60. Bf2 Ng5 61. Bxh4 Nxh3 62. Ke4 Ng1 63. Ke3 Ke5 64. Bg3+ Kf5 65. c5 Kf6 66. c6 Ke7 67. d6+ Kd8 68. Bh4+ 1-0

[Event "RA Winter op2"]
[Site "Ottawa CAN"]
[Date "2012.11.18"]
[Round "4"]
[White "Marinkovic, Mate"]
[Black "Hambleton, Aman"]
[Result "0-1"]
[WhiteElo "2243"]
[BlackElo "2546"]
[PlyCount "86"]
[GameId "2160767909411416"]
[EventDate "2012.11.16"]
[EventType "swiss"]
[EventRounds "5"]
[EventCountry "CAN"]
[SourceTitle "EXT 2022"]
[Source "ChessBase"]
[SourceDate "2021.10.06"]
[SourceVersion "1"]
[SourceVersionDate "2021.10.06"]
[SourceQuality "1"]

1. c4 b6 2. Nc3 c5 3. Nf3 Bb7 4. b3 Nf6 5. Bb2 e6 6. e3 Be7 7. g3 O-O 8. Bg2 a6 9. a4 Nc6 10. O-O Rc8 11. d4 cxd4 12. Nxd4 Qc7 13. Nxc6 Bxc6 14. e4 Qb7 15. Qe2 Rfe8 16. Rad1 Bb4 17. Na2 Be7 18. Nc3 Bb4 19. Na2 Be7 20. Rfe1 b5 21. axb5 axb5 22. f4 bxc4 23. bxc4 Nxe4 24. Bxg7 Kxg7 25. Bxe4 Bxe4 26. Qxe4 Qa7+ 27. Kh1 Qxa2 28. Rxd7 Qxc4 29. Qxc4 Rxc4 30. f5 Rc6 31. Kg2 Bf6 32. fxe6 Rcxe6 33. Rxe6 Rxe6 34. Kh3 Kg6 35. Ra7 h5 36. Ra3 Rc6 37. Rb3 Rc3 38. Rb5 h4 39. Kg4 hxg3 40. hxg3 Bd8 41. Rd5 Bc7 42. Rg5+ Kf6 43. Kh4 Bxg3+ 0-1